000 00322nam a22001337a 4500
008 171227b xxu||||| |||| 00| 0 eng d
020 _a9780760728420
041 _aeng
080 _a611
100 _a6
101 _aANA
245 _aANATOMICA THE COMPLETE HOME MEDICAL REFERENCE
_cMARGARET .O
942 _2udc
_cBK
999 _c39499
_d39499